[Event "Sundsvall op"]
[Site "Sundsvall"]
[Date "2020.01.06"]
[Round "8"]
[White "Ostman, Lennart"]
[Black "Heijdenberg, Ronny"]
[Result "0-1"]
[WhiteElo "1619"]
[BlackElo "1818"]
[PlyCount "68"]
[EventDate "2020.01.04"]
[EventType "swiss"]
[EventRounds "8"]
[EventCountry "SWE"]
[SourceTitle "EXT 2021"]
[Source "ChessBase"]
[SourceDate "2020.10.23"]
[SourceVersion "1"]
[SourceVersionDate "2020.10.23"]
[SourceQuality "1"]

1. d4 e6 2. c3 b6 3. Nf3 Bb7 4. Nbd2 f5 5. Nc4 d6 6. Bf4 Nf6 7. e3 Be7 8. Bd3 Qd7 9. Qe2 Nc6 10. Rd1 b5 11. Na3 b4 12. Nc2 bxc3 13. bxc3 Nd5 14. Qd2 Nf6 15. Rb1 Nd8 16. 0-0 Ne4 17. Qe1 h6 18. h3 g5 19. Bh2 g4 20. hxg4 fxg4 21. Nd2 Nxc3 22. Bg6+ Kf8 23. Rb3 Qc6 24. f3 gxf3 25. Rxf3+ Kg7 26. Bd3 Nd5 27. Qg3+ Bg5 28. Ne4 Nf7 29. Rxf7+ Kxf7 30. Nxg5+ hxg5 31. Rb1 Rag8 32. Rf1+ Ke7 33. Ne1 Qe8 34. Bb5 Qxb5 0-1